Linear systems of ordinary differential equations (Record no. 2871)

MARC details
000 -LEADER
fixed length control field 00629nam a2200181Ia 4500
003 - CONTROL NUMBER IDENTIFIER
control field IN-BaIIA
008 - FIXED-LENGTH DATA ELEMENTS--GENERAL INFORMATION
fixed length control field 211028s9999 xx 000 0 eng d
040 ## - CATALOGING SOURCE
Transcribing agency IIA Library
080 ## - UNIVERSAL DECIMAL CLASSIFICATION NUMBER
Universal Decimal Classification number 517.91
Item number ERU
100 ## - MAIN ENTRY--PERSONAL NAME
Personal name Erugin, Nikolay P.
9 (RLIN) 5129
245 #0 - TITLE STATEMENT
Title Linear systems of ordinary differential equations
Remainder of title with periodic and quasi-periodic coeffecients
Statement of responsibility, etc. Nikolay P. Erugin
260 ## - PUBLICATION, DISTRIBUTION, ETC.
Place of publication, distribution, etc. New York
Name of publisher, distributor, etc. Academic Press
Date of publication, distribution, etc. 1966
300 ## - PHYSICAL DESCRIPTION
Extent xxi, 271p.
490 ## - SERIES STATEMENT
Series statement Mathematics in science and engineering; v. 28
650 ## - SUBJECT ADDED ENTRY--TOPICAL TERM
Topical term or geographic name entry element Differential equations
9 (RLIN) 1510
650 ## - SUBJECT ADDED ENTRY--TOPICAL TERM
Topical term or geographic name entry element NASA Thesaurus
942 ## - ADDED ENTRY ELEMENTS (KOHA)
Koha item type Books
Holdings
Withdrawn status Lost status Damaged status Not for loan Home library Current library Shelving location Date acquired Cost, normal purchase price Total Checkouts Full call number Barcode Date last seen Cost, replacement price Price effective from Koha item type Purchase Price
        IIA Library-Bangalore IIA Library-Bangalore General Stacks 30/03/1967 86.40   517.91/ ERU 3195 09/02/2026 86.40 30/03/1967 Books Rs. 86.40

Powered by Koha